| 000 | nam a22 a 4500 | ||
|---|---|---|---|
| 999 |
_c192437 _d192437 |
||
| 003 | BLK | ||
| 005 | 20230307154856.0 | ||
| 008 | 180411b bul|||||r ||||||| ||bul|| | ||
| 010 | _aKNG00201632000 | ||
| 040 | _aBLK | ||
| 041 |
_aBUL _cBUL |
||
| 080 |
_aМеждународен арбитраж - Международна подсъдност, международни спорове, мирни принудителни мерки, международни съдилища(напр. Европейски съд) и др. _b341.6 _z341.6 |
||
| 100 | 1 |
_aШиндел, Петра _eпърви автор _9143444 |
|
| 139 |
_aШиндел, Петра _bШ 66 |
||
| 245 | 1 | 0 |
_aАрбитражът - метод за уреждане на спорове в международния стопански обмен _bСтудия _cПетра Шиндел. |
| 257 | _aBGR | ||
| 260 |
_aСофия _bLegacon _c1992 |
||
| 300 |
_a41 с. _c20 см |
||
| 380 | _a3 | ||
| 650 | 4 |
_aМеждународно право _9243772 |
|
| 650 | 4 |
_aАрбитраж, международен _9263704 |
|
| 852 | _aЦб 169754 | ||
| 856 | 4 |
_qpdf _i0.00 _ldisable |
|
| 856 | 4 |
_qpdf _i0.00 _ldisable |
|
| 942 |
_cKNG _n0 _s1 |
||
| 944 |
_aCR _c22.02.2017 _kНора_Радева |
||
| 944 |
_aED _c22.02.2017 _kНора_Радева |
||
| 999 | _d192437 | ||